000 00427nam a2200193Ia 4500
005 20240823021901.0
008 240823s9999||||xx |||||||||||||| ||und||
020 _a1-85168-290-2
041 _aENGLISH
082 _A192 P7
100 _a"Levy,Neil"
245 0 _aSartre
250 _a1st
260 _c2007
_b"Viva,New "
_aNew Delhi
500 _aYES
650 _aPhilosophy
_bGeneral
942 _cBK
999 _c177935
_d177935